Minkä yrityksen mainos #2 - Statistics

Yleistilastot
  • Tätä visaa on pelattu 55 kertaa
  • Keskiarvotulos 7 / 10
Vastaustilastot
Mainos Vastaus % Oikein
Tuutko hakeen? En... Tuun Puuilo
96%
Vain halvin on halvin Lidl
88%
Kaikkea on Prisma
88%
Se, että – – auttaa vähän. – – auttaa paljon If
80%
Halpaa puhelinta ei enää tarvitse etsiä maan alta DNA
76%
Tervetuloa Air Majoneesin lennolle kohteeseen Costa del Majoneesi Hesburger
73%
Tavoitteenamme on fossiilivapaus Vattenfall
63%
Se on juurikin näin. Se on – – Pågen
55%
Herkkuja ruokapöytään Felix
53%
Tämä ei ole – –. Tämä on – –. S-market
53%
Ehtoja vastaavia visoja ei löytynyt
Tulosjakauma
Jokaisen tuloksen saaneiden osuus
Persentiili vastausten määrän mukaan
Tuloshistoriasi
Et ole pelannut tätä visaa